000 00288nam a2200133Ia 4500
005 20251222155051.0
008 251222s9999||||xx |||||||||||||| ||spa||
082 _aREL.99
100 _aKAISER Federico.
245 0 _aContesta
250 _a4ta. ed.
264 _bNo tiene
942 _cLIB
999 _c37292
_d37292